zpět

Detail výsledku týmu

Eden, Heřmanův Městec

Datum a čas kvízu

25 Celkem bodů Celkový počet nahraných bodů na tomto kvízu bez doplňovacích otázek.
2. Pořadí na kvízu Konečné umístění týmu na tomto kvízu.

Zaznamenané odpovědi

# Otázka Odpověď Body Výsledky
1. Minulý týden vyšla zpráva o to... hranolka / hranolek 1
2. Britská královská pošta předst... A) květiny 0
3. V noci z neděle na pondělí se... Brendan Fraser 1
4. Americký Národní úřad pro lete... nové skafandry 1
5. Světem koňských dostihů minulý... C 1
-15. V následujícím tématu se budem... kilogram (kg) 0
-13. V 19. a 20. století byl předev... svítiplyn 1
-12. Mezi obnovitelné zdroje patří... v Ústí nad Labem 1
-11. Součástí naprosté většiny elek... alternátor 1
-10. Téma zakončíme otázkou na jade... 3 1